| 000 -CABECERA |
| Longitud fija campo de control |
00750nam a2200217 a 4500 |
| 001 - NÚMERO DE CONTROL |
| Número de control |
5870 |
| 003 - IDENTIFICADOR DEL NÚMERO DE CONTROL |
| Identificador del número de control |
CDMR |
| 005 - FECHA Y HORA DE LA ÚLTIMA TRANSACCIÓN |
| Fecha y hora de la última transacción |
20131128114051.0 |
| 008 - CÓDIGOS DE INFORMACIÓN DE LONGITUD FIJA |
| Códigos de información de longitud fija |
130220s2007||||||||||||||||||||||||||||d |
| 040 ## - FUENTE DE LA CATALOGACIÓN |
| Centro catalogador de origen |
CDMR |
| Lengua de catalogación |
cat |
| Centro transcriptor |
CDMR |
| 100 1# - PUNTO DE ACCESO PRINCIPAL-NOMBRE DE PERSONA |
| Nombre de persona |
Cardús, Salvador |
| 9 (RLIN) |
145 |
| 245 13 - MENCIÓN DE TÍTULO |
| Título |
El Baròmetre i les necessitats estadístiques del sector de la comunicació |
| Mención de responsabilidad, etc. |
Salvador Cardús |
| 260 ## - PUBLICACIÓN, DISTRIBUCIÓN, ETC. (PIE DE IMPRENTA) |
| Lugar de publicación, distribución, etc. |
Barcelona |
| Nombre del editor, distribuidor, etc. |
Escacc |
| Fecha de publicación, distribución, etc. |
2007 |
| 300 ## - DESCRIPCIÓN FÍSICA |
| Extensión |
179 p ; |
| Dimensiones |
20 cm |
| 490 0# - MENCIÓN DE SERIE |
| Mención de serie |
Lexikon |
| Designación de volumen o secuencia |
3 |
| 650 04 - PUNTO DE ACCESO ADICIONAL DE MATERIA - TÉRMINO DE MATERIA |
| 9 (RLIN) |
1448 |
| Término de materia o nombre geográfico como elemento inicial |
Mitjans de comunicació de massa |
| Subdivisión geográfica |
Catalunya |
| 650 04 - PUNTO DE ACCESO ADICIONAL DE MATERIA - TÉRMINO DE MATERIA |
| 9 (RLIN) |
4117 |
| Término de materia o nombre geográfico como elemento inicial |
Mitjans de comunicació de massa |
| Subdivisión de forma |
Estadístiques |
| 710 1# - PUNTO DE ACCESO ADICIONAL - NOMBRE DE ENTIDAD |
| 9 (RLIN) |
1064 |
| Nombre de entidad o nombre de jurisdicción como elemento inicial |
Catalunya |
| Unidad subordinada |
-- Generalitat |
| 710 1# - PUNTO DE ACCESO ADICIONAL - NOMBRE DE ENTIDAD |
| 9 (RLIN) |
1253 |
| Nombre de entidad o nombre de jurisdicción como elemento inicial |
Universitat Autònoma de Barcelona |
| Unidad subordinada |
-- Institut de la Comunicació |
| 942 ## - ENTRADA DE ELEMENTOS AGREGADOS (KOHA) |
| Koha [por defecto] tipo de item |
Monografies |
| Fuente de clasificaión o esquema |
|